The foundations of geometry and the non-Euclidean plane /
Guardado en:
| Autor Principal: | |
|---|---|
| Formato: | Libro |
| Idioma: | English |
| Publicado: |
New York :
Springer-Verlag,
[1982], c1975.
|
| Edición: | 1st corrected Springer edition. |
| Series: | Undergraduate texts in mathematics
|
| Etiquetas: |
Agregar Etiqueta
Sin Etiquetas, Sea el primero en etiquetar este registro!
|
| LEADER | 00745nam a22002055a 4500 | ||
|---|---|---|---|
| 001 | MAT.inmabb003409 | ||
| 008 | 051115r19821975nyua##########001#0#eng#d | ||
| 005 | 20130311113042.0 | ||
| 245 | 1 | 4 | |a The foundations of geometry and the non-Euclidean plane / |c George E. Martin. |
| 250 | |a 1st corrected Springer edition. | ||
| 260 | |a New York : |b Springer-Verlag, |c [1982], c1975. | ||
| 300 | |a xvi, 509 p. : |b il. ; |c 25 cm. | ||
| 440 | 0 | |a Undergraduate texts in mathematics | |
| 500 | |a Publicado originalmente: New York : Intext Educational Publishers, 1975. | ||
| 510 | 4 | |a MR, |c 55 #1209 | |
| 020 | |a 0387906940 | ||
| 100 | 1 | |a Martin, George Edward, |d 1932- | |
| 084 | |a 51-01 (51-03) |2 msc2000 | ||
| 010 | |a 82000728 | ||
| 859 | |h 51 |i M379 |p A-6684 |b BIB. MATEMATICA | ||
